[Event "Tortosa op"]
[Site "Tortosa"]
[Date "1996.07.12"]
[Round "8"]
[White "Carbonell Valles, Carlos"]
[Black "Sancho Sancho, Josep"]
[Result "1/2-1/2"]
[WhiteElo "1825"]
[BlackElo "1860"]
[PlyCount "40"]
[EventDate "1996.07.05"]
[EventType "swiss"]
[EventRounds "9"]
[EventCountry "ESP"]
[SourceTitle "EXT 2003"]
[Source "ChessBase"]
[SourceDate "2002.11.25"]
[SourceVersion "1"]
[SourceVersionDate "2002.11.25"]
[SourceQuality "1"]

1. d4 d5 2. c4 e6 3. c5 Nd7 4. Nf3 Ngf6 5. e3 c6 6. b4 Qc7 7. Bb2 g6 8. Bd3 Bg7 9. Nbd2 e5 10. e4 dxe4 11. Nxe4 Nxe4 12. Bxe4 0-0 13. 0-0 Re8 14. Re1 exd4 15. Bxd4 Nf6 16. Qd3 Qf4 17. Nd2 Nxe4 18. Nxe4 Bf5 19. Bxg7 Bxe4 20. Qc3 Qc7 1/2-1/2

[Event "Tortosa op"]
[Site "Tortosa"]
[Date "1996.07.05"]
[Round "1"]
[White "Carbonell Valles, Carlos"]
[Black "Tafalla Grau, Angel"]
[Result "0-1"]
[WhiteElo "1825"]
[BlackElo "2145"]
[PlyCount "68"]
[EventDate "1996.07.05"]
[EventType "swiss"]
[EventRounds "9"]
[EventCountry "ESP"]
[SourceTitle "EXT 2003"]
[Source "ChessBase"]
[SourceDate "2002.11.25"]
[SourceVersion "1"]
[SourceVersionDate "2002.11.25"]
[SourceQuality "1"]

1. e4 g6 2. Nf3 Bg7 3. d4 d6 4. Nc3 c6 5. Bc4 Nf6 6. 0-0 0-0 7. Bf4 Bg4 8. h3 Bxf3 9. Qxf3 Qb6 10. Qd3 Nbd7 11. e5 Nh5 12. e6 Nxf4 13. exf7+ Kh8 14. Qe3 Qxd4 15. Bb3 e5 16. Rad1 Qc5 17. Ne4 Qxe3 18. fxe3 Nh5 19. Rxd6 Nb6 20. g4 Bh6 21. Rf3 Ng7 22. Kg2 a5 23. a4 Rab8 24. h4 Ne8 25. Re6 Nc7 26. Rxe5 Ncd5 27. Nc5 Bg7 28. Rg5 Bf6 29. Rxf6 Nxf6 30. Ne6 Rxf7 31. h5 Ne4 32. hxg6 Nxg5 33. g7+ Rxg7 34. Nxg7 Kxg7 0-1